000 00444nam a2200181Ia 4500
001 10685
005 20260306161850.0
008 260306t1979||||xx |||||||||||||| ||spa||
041 _aESP
082 _a946.074
_bS33
100 _aSeco Serrano, Carlos
_eAUT
245 0 _aAlfonso XIII y la crisis de la restauración
260 _c1979
300 _a281 pƔginas :
_c20 cm.
650 _aGEN
654 _aCHU
942 _cLIB
_dJUS
_fJUS
_2ddc
_n
999 _c10685
_d10685